| 000 | 00648 aa a2200193 4500 | ||
|---|---|---|---|
| 008 | 081021t xxu||||| |||| 00| 0 eng d | ||
| 010 | _aENG-84564 | ||
| 020 | _a8189000810 | ||
| 020 | _c780.00 (hb) | ||
| 035 | _aEN-68097 | ||
| 082 | _a910.133 | ||
| 100 | _aAhmad Hussain | ||
| 245 |
_aEconomic geography / _cby Ahmad Hussain |
||
| 260 |
_aNew Delhi _bVishvabharti Publications |
||
| 260 | _c2006 | ||
| 300 |
_avi,380p _c23cm |
||
| 942 |
_2ddc _cEN _h910.133 _m HUS |
||
| 999 |
_c17869 _d17869 |
||